000 00577nam a2200181Ia 4500
008 090124s9999 xx 000 0 und d
082 _b25011
_a6750
100 _aकाळे व.पु. (वसंत पुरुषोत्तम)
245 _a व. पु. 85
250 _a1
260 _c1986
300 _a90
600 _aकाळे व.पु. (वसंत पुरुषोत्तम)
630 _a व. पु. 85
700 _aकाळे व.पु. (वसंत पुरुषोत्तम)
730 _a व. पु. 85
942 _cBOOK
999 _c138544
_d138544